الامام السبط سيدنا الحسين بن على رضى الله عنهما / (Record no. 66861)
[ view plain ]
| 000 -الفاتح | |
|---|---|
| حقل البيانات ثابتة الطول | 00832nam a2200217Ia 4500 |
| 005 - وقت وتاريخ اخر تعامل مع التسجيلة | |
| رقم الضبط | 20240530110943.0 |
| 008 - عناصر البيانات ثابتة الطول - معلومات عامة | |
| حقل البيانات ثابتة الطول | 140319s2001 xx 000 0 ara d |
| 020 ## - الرقم الدولى المعيارى للكتب | |
| الرقم الدولى المعيارى للكتاب | 9772155796 |
| 040 ## - مصدر الفهرسة | |
| وكالة الفهرسة الأصلية | GCL / |
| وكالة النسخ | GCL |
| 082 04 - رقم تصنيف ديوى العشرى | |
| رقم التصنيف | 922.1 / |
| رقم المادة | س ح |
| 100 1# - المدخل الرئيسى - إسم شخصى | |
| الإسم الشخصى | سعد القاضى |
| 245 10 - بيان العنوان | |
| العنوان | الامام السبط سيدنا الحسين بن على رضى الله عنهما / |
| بيان المسئوليه,etc | سعد القاضى |
| 260 ## - PUBLICATION, DISTRIBUTION, ETC. (IMPRINT) | |
| تاريخ النشر أو التوزيع | 2001 |
| 300 ## - الوصف المادى | |
| التعداد | 63 ص ؛ |
| أبعاد الوعاء | 24 ص |
| 650 04 - المدخل الاضافى بالموضوع-مصطلح موضوعى | |
| مصطلح موضوعي | الحسين بن على رضى الله عنه |
| 650 04 - المدخل الاضافى بالموضوع-مصطلح موضوعى | |
| مصطلح موضوعي | الاسلام - تراجم |
| 650 04 - المدخل الاضافى بالموضوع-مصطلح موضوعى | |
| مصطلح موضوعي | الرجال - تراجم |
| 653 ## - مصطلح تكشيفى غير مقيد | |
| مصطلح غير مقيد | استشهاد سيدنا الحسين رضى الله عنه |
| 942 ## - عناصر المدخل الإضافي( كوها) | |
| مصدر التصنيف او مخطط الترفيف | Dewey Decimal Classification |
| Koha [default] item type | كتاب |
| 260 ## - PUBLICATION, DISTRIBUTION, ETC. (IMPRINT) | |
| -- | القاهرة : |
| -- | دار غريب للطباعة والنشر والتوزيع، |
| حالة التراجع | حالة الفقد | حالة تلف | ليس للاعارة | المكان المؤقت | الموقع الحالى | موقع الترفيف | تاريخ الاكتساب | اجمالي اﻻعارات | رقم الطلب | الباركود | تاريخ اخر مشاهدة | تاريخ تفعيل السعر | نوع وعاء كوها |
|---|---|---|---|---|---|---|---|---|---|---|---|---|---|
| مكتبة القاهرة الكبرى | مكتبة القاهرة الكبرى | ق الرئيسية_التاريخ والجغرافيا_ك عربى | 11/13/2022 | 922.1 / س ح | 168829 | 11/13/2022 | 11/13/2022 | كتاب |

